Statistics for Women Engineers: top 7 countries in Europe* and who is last?

Click here to take the quiz!

General Stats

  • This quiz has been taken 31 times
  • The average score is 3 of 8

Answer Stats

% Answer% Correct
WORST (8.7%)UK
88%
25.9Sweden
72%
24,1Belgium
48%
30Latvia
24%
25.3Romania
20%
29.3Bulgaria
16%
22.7Slovenia
16%
28.5Cyprus
0%

Score Distribution

Percentile by Number Answered

Percent of People with Each Score

Your Score History

You have not taken this quiz